00650nam a2200193Ia 4500008004100000020001500041082001500056100002000071245004400091250000800135260002900143300000800172500002400180650001600204942000700220952010600227952010600333999001700439230524s9999 xx 000 0 und d a8170298911 a4.133bLYO aRichard G.Lyons 0aUnderstanding Digital Signal Processing a1ST aNEW DELHIbPearsonc2002 a517 aQuantity Number: 2 aElectronics cBK 00104070aTATCLbTATCLcGENd2023-05-24l0o004.133 LYOp6201r2023-05-24w2023-05-24yBKzCPEC5308 00104070aTATCLbTATCLcGENd2023-05-24l0o004.133 LYOp6968r2023-05-24w2023-05-24yBKzCPEC5308 c26146d26146